000 00519nam a2200169Ia 4500
003 GCL
008 140319s9999 xx 000 0 ara d
040 _aGCL /
_cGCL
082 0 4 _a811.9
_bف و
100 1 _aفؤاد حجاح
245 1 0 _aوادى الخوف (هدية من عبدالفتاح الجمل) /
_cفؤاد حجاح
490 _a100 قصة
_v0
650 0 4 _aالشعر العربى
650 0 4 _aالادب العربى
650 0 4 _aالشعر العربى - العصر الحديث
942 _2ddc
_cBK
999 _c46717
_d46717